000 00373nam a2200145Ia 4500
008 150201s2003 xx 000 0 und d
082 _a612.015
_bB2003S
100 _aSIDDIQU A.A
245 _aBIOCHEMISTRY AND CLINICAL PATHOLOGY
250 _a1ST
260 _bTARA PUBLISHERS
_aSHAHDARA (NEW DELHI)
_c2003
300 _a1-154
650 _aBIOCHEMISTRY
942 _2ddc
_cBK
999 _c2600
_d2600